000 01579nam a2200241Ia 4500
999 _c55451
_d55451
001 22533
003 GE_BSU
005 20210514103321.0
008 181216s2015||||ge |||||||||||||| ||geo||
040 _cGE_BSU
041 _ageo
080 _a82 კ-33
100 _aკაშია, ალკაზარ
_911199
245 _aქოროღლის ეპოსის ქართული ვერსიის აჭარული ვარიანტები /
_cალკაზარ კაშია; სამეცნიერო ხელმძღვანელი თინა შიოშვილი; ბათუმის შოთა რუსთაველის სახ-ფო უნ-ტი. ჰუმანიტარულ მეცნიერებათა ფაკულტეტი ქართული ფილოლოგიის დეპარტამენტი.
264 _aბათუმი,
_c2015.
300 _a254 გვ.
_b30 სმ.
653 _aქოროღლის ეპოსის ქართული ვერსიის აჭარული ვარიანტები
653 _aფილოლოგია
653 _aდისერტაცია
700 _aშიოშვილი, თინა
_eსამეცნიერო ხელმძღვანელი
_911790
710 _aბსუ
_bჰუმანიტარულ მეცნიერებათა ფაკ-ტი. ქართული ფილოლოგიის დეპ-ტი
_910556
942 _cBK
_2udc